Statistics for Eurovision - Belgium recieved 12 points

Click here to take the quiz!

General Stats

  • This quiz has been taken 93 times
  • The average score is 24 of 28

Answer Stats

HintAnswer% Correct
1978 | 1984 | 1986 | 2003France
98%
1977 | 2013 FinalThe Netherlands
96%
1978United Kingdom
96%
1996 | 2003Spain
94%
1978 | 1986Ireland
91%
2010 Final | 2010 SemifinalGermany
91%
1986 | 2005 Semifinal | 2010 SemifinalPortugal
90%
1984Luxembourg
83%
1978Greece
81%
1998 | 2003 | 2010 SemifinalPoland
80%
1976 | 1986Finland
78%
2010 SemifinalIceland
76%
1986Turkey
75%
1978Monaco
61%
2010 SemifinalMalta
53%
2007 SemifinalGeorgia
45%

Score Distribution

Percentile by Number Answered

Percent of People with Each Score

Your Score History

You have not taken this quiz